| 000 | 03497nam2a2200421 4500 | ||
|---|---|---|---|
| 001 | RU\NLR\BIBL_A\016281627 | ||
| 005 | 20260406101646.0 | ||
| 035 | _a(NLR Aleph) 016281627 | ||
| 090 |
_a12918138 _c12918138 |
||
| 100 | _a20230201d1903 |||y0rusy50 ca | ||
| 101 | 0 | _arus | |
| 102 | _aRU | ||
| 105 | _aadb g 000 y | ||
| 200 | 1 |
_aСеверо-Западная часть Индийского океана: Аравийское море и Оманский залив _eот Баб-Эль-Мандекского пролива до мыса Ras Hafun и острова Сокотра, до входа в Персидский залив и до порта Point de Galle на острове Цейлон, с островами Маледивскими и Лакедивскими _fиздание Главного Гидрографического Управления М.М. _g[составители: Барон Ф.Ф. Врангель и Подполковник Клыков] |
|
| 210 |
_aС.-Петербург _cТ-во Р. Голике и А. Вильборг _d1903 |
||
| 215 |
_aVIII, XXIV, 600 с., 19 л. ил., 1 отд. л. карт. _cил. _d23 |
||
| 300 | _aСоставители указаны в Предисловии | ||
| 320 | _aАлфавитные указатели: с. 567-600 | ||
| 461 | 0 |
_1001RU\NLR\BIBL_A\016273971 _12001#$aРуководство для плавания из Кронштадта во Владивосток и обратно$vВып. 8, ч. 2 _912895436 _cС.-Петербург _d1899 _fиздание Главного Гидрографического Управления _nТипо-Литография Р. Голике _tРуководство для плавания из Кронштадта во Владивосток и обратно _vВып. 8, ч. 2 |
|
| 517 | 1 | _aАравийское море и Оманский залив | |
| 517 | 1 | _aОт Баб-Эль-Мандекского пролива до мыса Ras Hafun и острова Сокотра, до входа в Персидский залив и до порта Point de Galle на острове Цейлон, с островами Маледивскими и Лакедивскими | |
| 607 |
_aИндийский океан _xЛоция _91163474 _3RU\NLR\AUTH\66465925 |
||
| 607 |
_aАравийское море _xОбстановка предостерегательными знаками _9993736 _3RU\NLR\AUTH\6657936 |
||
| 607 |
_aОманский залив _xЛоция _91765170 _3RU\NLR\AUTH\66792130 |
||
| 607 |
_aБаб-эль-Мандебский пролив _xЛоция |
||
| 607 |
_aАденский залив _xЛоция _9912302 _3RU\NLR\AUTH\6613723 |
||
| 607 |
_aМальдивские острова (Индийский океан) _92215573 _3RU\NLR\AUTH\661330694 |
||
| 607 |
_aИндостан, полуостров _xЛоция _yЗападное побережье _91201879 _3RU\NLR\AUTH\66486624 |
||
| 620 |
_aRU _dСанкт-Петербург |
||
| 686 | 1 | _aО471.12,1(93) | |
| 686 | 1 | _aО471.12,1(934) | |
| 702 | 1 |
_4220 _8rus _7ca _aВрангель _bФ. Ф. _f1844-1919 _gФердинанд Фердинандович _3RU\NLR\AUTH\7780896 _963824 |
|
| 702 | 1 |
_4220 _7ca _8rus _aКлыков _bМ. А. _f1834-1910 _gМихаил Аввакумович _9129418 _3RU\NLR\AUTH\770129449 |
|
| 852 |
_aNLR _j20.48.5.4 (8-2) |
||
| 852 |
_aNLR _jМБР-I-3745 (8-2) |
||
| 942 | _cBOOK | ||
| 980 | _aNB | ||